[Event "Aimchess US Rapid Prelims 2021"]
[Site "Chess24"]
[Date "2021.08.25"]
[Round "8.6"]
[White "Mamedyarov, Shakhriyar"]
[Black "Van Foreest, Jorden"]
[Result "1-0"]
[WhiteElo "2782"]
[BlackElo "2698"]
[Annotator "TA"]
[PlyCount "75"]
[EventDate "2021.08.28"]
[EventType "tourn"]
[EventCountry "NET"]
[Tiebreak "Direct encounter+Number of wins+Koya"]
[SourceTitle "playchess.com"]
[Source "ChessBase"]
[SourceQuality "1"]

{[%evp 10,75,38,31,29,29,38,30,32,15,17,21,32,0,0,0,30,35,38,24,53,42,58,52,38,
33,44,25,45,18,40,21,59,33,22,24,33,34,108,19,104,113,93,44,52,60,143,141,146,
139,144,138,210,154,154,154,416,355,404,374,377,406,392,390,908,570,29990,
29991]} 1. d4 d5 2. c4 c6 3. Nc3 Nf6 4. e3 Bf5 5. cxd5 cxd5 6. Qb3 Nc6 {
now scores much better than the old 6...Bc8. D10: Slav Defence: 3 cxd5 
(without early Nf3) and 3 Nc3.} 7. Qxb7 Bd7 $1 {next ...Rb8 is good for Black.}
8. Qb3 Rb8 {White has an edge.} 9. Qd1 e5 10. dxe5 Nxe5 11. Be2 Bd6 12. Nf3 O-O
13. O-O Qe7 14. a4 $5 {[%mdl 4] Exploring less charted territory.} Rfc8 15. Nd4
Bb4 16. Bd2 Nc4 17. Bxc4 dxc4 18. Qc2 {[#]} Bd6 $146 ({Predecessor:} 18... Qe5
19. Ncb5 Bc5 20. Nf3 Qe4 21. Rfc1 a6 22. Qxe4 Nxe4 23. Nc3 Nxd2 24. Nxd2 Be6 {
1/2-1/2 (40) Bindrich,F (2606)-Petrov,N (2593) St Petersburg 2018}) 19. h3 a6
20. Rae1 Bc5 21. Bc1 Qe5 22. Rd1 h6 23. Rfe1 Qh5 (23... Rb6 $14) 24. Nde2 ({
White should try} 24. e4 $1 $16) 24... Qe5 (24... Qf5 $11 25. Qxf5 Bxf5) 25. e4
$16 g5 26. Nd5 Be6 {[%cal Rf6d5]} (26... Nxe4 $2 27. Qxe4 $3 {[%mdl 512]} Qxe4
28. Nf6+ Kg7 29. Nxe4 $18) 27. Nec3 Nh5 (27... Nxd5 $14 28. Nxd5 (28. exd5 Bf5
$11) 28... Bxh3 29. gxh3 Qg3+ {[%mdl 64] Double Attack} 30. Kh1 Qxh3+ 31. Kg1
Qg4+ 32. Kf1 Qh3+ 33. Kg1 Qg4+ 34. Kf1 Qh3+ 35. Kg1) 28. Qe2 Nf6 29. Kh1 {
aiming for f4.} Nxd5 30. Nxd5 Rb3 (30... Rb7 $16 {keeps fighting.} 31. Qh5 (31.
f4 gxf4 32. Rf1 Bf8 $16) 31... Qg7) 31. f4 gxf4 32. Bxf4 ({Don't play} 32. Qxc4
$6 Rg3 $16) 32... Qxb2 {[#] A mistake that costs the game.} (32... Qg7 $16) 33.
Qh5 $1 $18 {And now Be5 would win.} Qg7 34. Bxh6 Qg6 {[#]} 35. Qh4 {Strongly
threatening Nf6+.} Bxd5 ({Weaker is} 35... Rb2 36. Nf6+ Qxf6 37. Qxf6 Rxg2 38.
Kxg2 Bf8 39. Rd8 Rxd8 40. Qxd8) 36. Rxd5 Rg3 (36... Bf2 37. Qxf2 Qxh6) 37. Red1
{Intending Rd8+ and mate.} Bf8 38. Rd8 {Weighted Error Value: White=0.20/
Black=0.41} 1-0

[Event "Aimchess US Rapid Prelims 2021"]
[Site "Chess24"]
[Date "2021.08.25"]
[Round "8.7"]
[White "Artemiev, Vladislav"]
[Black "Aronian, Levon"]
[Result "1-0"]
[WhiteElo "2704"]
[BlackElo "2782"]
[Annotator "TA"]
[PlyCount "71"]
[EventDate "2021.08.28"]
[EventType "tourn"]
[EventCountry "NET"]
[Tiebreak "Direct encounter+Number of wins+Koya"]
[SourceTitle "playchess.com"]
[Source "ChessBase"]
[SourceQuality "1"]

{[%evp 28,71,1,10,54,66,105,40,217,220,581,464,446,455,445,443,538,437,653,554,
1072,1062,1109,1102,1070,1042,917,372,370,356,390,378,419,433,543,540,848,851,
841,832,1085,1081,1034,1032,1360,1337]} 1. d4 Nf6 2. c4 e6 3. Nf3 d5 4. Nc3 Bb4
5. e3 c5 6. cxd5 Nxd5 7. Bd2 O-O 8. Bd3 Nc6 9. O-O Nf6 10. a3 cxd4 11. exd4 Be7
12. Be3 b6 13. Qe2 Bb7 14. Rad1 Rc8 15. Rfe1 Qc7 {B22: Sicilian: 2 c3.} 16. Bg5
Rfd8 17. Bb1 (17. Bxf6 $16 Bxf6 18. d5) 17... Na5 $2 {[#]} ({Black should play
} 17... Nd5 $1 $14) 18. Ne5 $1 $18 Qd6 $2 (18... Rf8 19. Nb5 Qd8) 19. Bxf6 Bxf6
{[#]} 20. Bxh7+ {[%mdl 512]} Kf8 21. Qh5 {[%csl Ge5][%cal Rh5f7] [#]} Rc7 $146
({Predecessor:} 21... Bxe5 22. dxe5 Qc5 23. Ne4 Rxd1 24. Rxd1 Qc6 25. Qg5 g6
26. Bxg6 fxg6 27. Qf6+ Kg8 28. Qxg6+ Kf8 29. Qh6+ Ke8 30. Nf6+ Kf7 31. Qh7+ {
1-0 (31) Gasparics,A (2049)-Ritter,G (2069) Hungary 2015}) 22. Be4 Ba6 (22...
Bxe4 $142 23. Nxe4 Qd5) 23. Bb1 g6 24. Bxg6 fxg6 25. Nxg6+ Kg7 26. Ne4 Qd5 27.
Nf4 (27. Ne5 $142 Bxe5 28. dxe5 Qxd1 29. Rxd1 Rxd1+ 30. Qxd1) 27... Qxh5 28.
Nxh5+ Kf7 29. Nhxf6 ({Don't take} 29. Nexf6 Rc2 $18) 29... Rc2 30. d5 exd5 {
White is clearly winning.} 31. Nxd5 Nc6 32. Ng5+ Kg6 33. Ne6 Rh8 34. Ndf4+ Kf6
35. Rd6 {White wants to mate with Nd4+!} Re8 36. Nd4+ {White took control
after the opening.  Weighted Error Value: White=0.54/Black=0.96} 1-0

[Event "Aimchess US Rapid Prelims 2021"]
[Site "Chess24"]
[Date "2021.08.25"]
[Round "8.8"]
[White "Giri, Anish"]
[Black "Liang, Awonder"]
[Result "1/2-1/2"]
[WhiteElo "2776"]
[BlackElo "2587"]
[Annotator "TA"]
[PlyCount "133"]
[EventDate "2021.08.28"]
[EventType "tourn"]
[EventCountry "NET"]
[Tiebreak "Direct encounter+Number of wins+Koya"]
[SourceTitle "playchess.com"]
[Source "ChessBase"]
[SourceQuality "1"]

{[%evp 23,133,32,33,20,23,24,30,30,26,31,56,41,47,32,50,25,43,28,71,40,45,31,
34,26,42,27,20,17,90,0,0,0,0,-70,-71,-64,0,0,0,-376,-46,-67,0,0,0,0,0,0,26,30,
52,0,39,0,0,-20,107,102,470,430,387,0,0,0,16,7,256,259,251,252,235,239,243,243,
248,235,354,119,128,-641,0,0,0,-697,-122,-117,0,0,0,0,0,0,0,0,0,0,0,0,0,0,0,0,
0,0,0,0,0,0,0,0,0,0]} 1. d4 d5 2. c4 c6 3. Nf3 Nf6 4. Nc3 dxc4 5. a4 Bf5 6. e3
e6 7. Bxc4 Bb4 8. O-O O-O 9. Qe2 Bg6 10. Ne5 Nbd7 11. Nxg6 hxg6 12. Rd1 Qc7 13.
g3 {D19: Slav Defence: 5 a4 Bf5 6 e3: Main line with 9 Qe2.} Rad8 14. Qc2 a5
15. Na2 {White has an edge.} Be7 16. Bd2 {[#]} e5 $146 ({Predecessor:} 16...
Qb6 17. Rac1 Nd5 18. e4 N5f6 {1-0 (55) Kasparov,G (2750)-Timman,J (2675)
Amsterdam 1988}) 17. Rac1 Kh8 18. Be1 exd4 19. exd4 Qb6 20. Rd3 c5 21. Re3 Bd6
22. d5 Ne5 23. b3 Bc7 24. Rd1 Nfg4 25. Rc3 {Black must now prevent Be2.} f5 (
25... Nh6 $11) 26. Bf1 (26. f3 $16 Nf6 27. Re3) 26... f4 $11 27. Bg2 Bd6 28.
Nc1 (28. gxf4 $11 Rxf4 29. Rh3+ Kg8 30. Nc3) 28... c4 $15 29. bxc4 Bc5 (29...
fxg3 $1 $15 30. Rxg3 Nxf2 $1 31. Bxf2 Rxf2 $1) 30. Rd2 Rde8 31. Be4 $2 {
[%mdl 8192]} (31. gxf4 $11 {and White is okay.} Nf3+ 32. Bxf3 Rxe1+ 33. Kg2
Bxf2 34. Bxg4 (34. Rxf2 Rxc1 35. Bxg4 Rxc2 $11) 34... Rg1+ 35. Kh3 Rxf4 36. Ne2
) 31... g5 $2 (31... fxg3 $19 32. hxg3 Nxf2 $1 33. Bxf2 Rxf2 34. Rxf2 Rf8 {
[%mdl 64] Pin}) 32. d6 (32. h3 $2 Qh6 $19) 32... Bxd6 (32... Bb4 $1 $15 33. c5
Qd8) 33. gxf4 $1 $11 (33. c5 $2 Bxc5 34. gxf4 (34. Rxc5 $2 Qh6 $19) 34... Qh6
$1 $19) 33... Rxf4 {aiming for ...Nf6.} 34. Rh3+ Nh6 35. Re2 $1 Ref8 36. Nd3
$36 {[%mdl 2048] White fights for an advantage.} Nxd3 37. Qxd3 (37. Rxd3 $14
Bb4 38. Bxb4 axb4 39. Bd5) 37... Bc5 {[%cal Rc5f2]} (37... Bb4 $5 {[%cal Rb4e1]
} 38. Bc3 Bxc3 39. Qxc3 Rxe4 $1 40. Rxh6+ Qxh6 41. Rxe4 Qf6 $11) 38. Qg3 Re8
39. Qg2 Qe6 (39... Re5 $11 {keeps the balance.} 40. Bd3 Rxe2 41. Bxe2 Qb1) 40.
Bd3 $1 $16 Qd7 {[%mdl 8192]} (40... Qxe2 $16 41. Bxe2 Rxe2) 41. Rxe8+ Qxe8 {[#]
} 42. Kf1 (42. Rxh6+ $1 $18 {[%mdl 512]} gxh6 43. Bc3+ Bd4 44. Qxb7) 42... Qd7
43. Be2 Qf5 {Hoping for ...Qb1.} 44. Rd3 Rd4 (44... Qf6 $11) 45. Rxd4 $18 Bxd4
46. Qxb7 Ng4 47. Qb8+ Kh7 {[%cal Rg4f2]} 48. Qg3 {Threatens to win with Bd3.}
Ne5 49. Bxa5 g4 (49... Bc5 {keeps fighting.} 50. Bd2 Kg6) 50. Be1 $2 (50. h3 $1
$18 {and the rest is easy.}) 50... Nf3 {...Be5 is the strong threat.} 51. c5 $2
{[%mdl 8192]} (51. h3 $16 Nxe1 52. Kxe1) 51... Bxc5 $2 (51... Be5 $1 $19 {
[%cal Re5g3]} 52. Bxf3 (52. Qg2 $2 Nxh2+ 53. Kg1 Qb1 $19) 52... Bxg3 {[%mdl 64]
Discovered Attack} 53. Bxg4 Qxg4 54. hxg3 Qxa4) 52. Bxf3 gxf3 53. Kg1 $2 {
[%mdl 8192] [#]} (53. Qh4+ $11 Kg8 54. Qc4+ Kh8 55. Qh4+ Kg8 56. Qc4+ Kh8 57.
Qh4+ Kg8) 53... Qe4 $2 (53... Bb4 $1 $19 {[%mdl 512] has better winning
chances.} 54. Kf1 (54. Qh4+ $2 Kg6 $19) 54... Qd3+ 55. Kg1 Bxe1 56. Qh3+ Kg6
57. Qg3+ (57. Qe6+ $2 Kh5 $19) 57... Kh7 58. Qh3+ Kg6 59. Qe6+ Kh5 60. Qh3+ (
60. Qe5+ $2 Kh6 $19) 60... Kg5 61. Qg3+ Kf5 62. Qh3+ Ke5 63. Qg3+ Kd5) 54. Qh3+
$17 Kg6 (54... Kg8 $17 55. Qf1 (55. Qc8+ $2 Kf7 $19) 55... Qxa4) 55. Qf1 $11 {
The position is equal.} Bd6 56. Kh1 Bxh2 57. Kxh2 Qf4+ 58. Kh3 Kh5 $1 {[%csl
Gh5][%cal Rf4h4]} 59. Qb5+ g5 {[%csl Gg5,Gh5][%cal Rf4h4]} 60. Qe8+ Kh6 {
[%csl Gg5][%cal Rf4h4]} 61. Qh8+ (61. Qc6+ {keeps more tension.} Kh5 62. Qe8+)
61... Kg6 {Strongly threatening ...g4+.} 62. Qg8+ Kh6 {[%csl Gg5][%cal Rf4h4]}
63. Qe6+ Kh5 $1 {[%csl Gg5,Gh5][%cal Rf4h4]} 64. Qe8+ Kh6 {[%csl Gg5][%cal
Rf4h4]} 65. Qh8+ Kg6 {And now ...g4+ would win.} 66. Qg8+ Kh6 {[%csl Gg5][%cal
Rf4h4]} 67. Qh8+ {What a fight!  Weighted Error Value: White=0.62/Black=0.89}
1/2-1/2

[Event "Aimchess US Rapid Prelims 2021"]
[Site "Chess24"]
[Date "2021.08.25"]
[Round "9.1"]
[White "Liang, Awonder"]
[Black "Duda, Jan-Krzysztof"]
[Result "0-1"]
[WhiteElo "2587"]
[BlackElo "2738"]
[Annotator "TA"]
[PlyCount "94"]
[EventDate "2021.08.28"]
[EventType "tourn"]
[EventCountry "NET"]
[Tiebreak "Direct encounter+Number of wins+Koya"]
[SourceTitle "playchess.com"]
[Source "ChessBase"]
[SourceQuality "1"]

{[%evp 9,94,0,0,0,0,-62,14,0,0,0,22,8,27,37,24,21,26,-21,-27,-65,-65,-55,-70,
-64,-68,-107,-79,-84,-91,-121,-113,-244,-212,-235,-206,-321,-169,-173,-158,
-219,-204,-293,-254,-268,-274,-245,-236,-256,-242,-296,-291,-339,-260,-363,
-357,-336,-346,-352,-400,-374,-389,-402,-337,-443,-437,-741,-722,-680,-494,
-481,-490,-481,-390,-643,-644,-633,-626,-616,-607,-868,-477,-454,-387,-494,
-490,-29973,-12159]} 1. e4 c6 2. Nc3 d5 3. Nf3 Bg4 4. Be2 Nf6 5. e5 Nfd7 6. d4
{B11: Caro-Kann: Two Knights Variation.} e6 7. h3 (7. Ng5 $11 Bf5 8. Bg4) 7...
Bf5 ({Black should try} 7... Bxf3 $15 8. Bxf3 c5) 8. g4 {The position is equal.
} Bg6 9. h4 h5 10. gxh5 Bxh5 11. Ng5 Bxe2 12. Qxe2 Bb4 13. Qf3 {[%csl Gg5]
[%cal Rf3f7]} (13. Qg4 {is more complex.} Qe7 14. Nf3 Rh7 15. Bd2 Bxc3 16. Bxc3
c5 17. dxc5 Nc6 18. O-O-O) 13... Qe7 {[#]} 14. Bd2 $146 ({Predecessor:} 14. a3
Bxc3+ 15. Qxc3 c5 16. b4 b6 17. bxc5 bxc5 18. Qb3 cxd4 19. Qb7 Nb6 20. Qxe7+
Kxe7 {0-1 (42) Shianovsky,V-Lazarev,E Kiev 1963}) 14... f6 15. exf6 gxf6 16.
Nh3 Rxh4 17. Qg3 Qh7 {Strongly threatening ...c5.} 18. O-O-O Na6 ({Wrong is} 
18... Rxd4 $2 19. Nf4 $18) 19. Rde1 O-O-O {And now ...Rg8 would win.} ({
Don't go for} 19... Rxd4 $2 20. Nf4 $18) 20. Rxe6 {This move loses the game
for White.} (20. f4 $17) 20... Nc7 21. Re3 Rg8 22. Qf3 (22. Qh2 {was necessary.
}) 22... Rh8 ({Weaker is} 22... Rxd4 23. Nf4 $17) (22... c5 $142 23. Re2 Rh8
24. Nxd5 Bxd2+ 25. Rxd2 Rxh3 26. Ne7+ Kd8 27. Rxh3 Qxh3 28. Qxh3 Rxh3) 23. Ne2
$19 Bd6 24. a3 {[#]} (24. Qg2 $17 {was worth a try.}) 24... f5 $1 25. Bb4 {[#]}
(25. Rc3 $142) 25... f4 $1 {[%cal Rf4e3]} 26. Rc3 (26. Rb3 Bxb4) 26... Bxb4 27.
axb4 Nb5 28. Rd3 Qe4 29. Kd2 Nd6 30. b3 Kc7 31. Rh2 Nf8 32. Neg1 Ne6 33. Rg2
Qf5 34. Kc1 Nb5 35. c3 Kb6 36. Kd2 Ra8 {...a5 is the strong threat.} 37. Qe2 (
37. Ke1 $142) 37... a5 38. Qe5 Qxe5 39. dxe5 axb4 40. cxb4 Rh5 41. Rg6 $2 (41.
Kc1) 41... Rxe5 42. Nf3 Ra2+ 43. Kd1 Ree2 {Threatens to win with ...Ned4!} 44.
Nhg1 Rxf2 {[%cal Ra2a1]} 45. Ke1 Nec7 46. Nd2 Rh2 47. Ne2 (47. Ndf3 $19 Rhb2
48. Rd2) 47... Ra1+ {Weighted Error Value: White=0.63/Black=0.30} 0-1

[Event "Aimchess US Rapid Prelims 2021"]
[Site "Chess24"]
[Date "2021.08.25"]
[Round "9.2"]
[White "Aronian, Levon"]
[Black "Giri, Anish"]
[Result "1/2-1/2"]
[WhiteElo "2782"]
[BlackElo "2776"]
[Annotator "TA"]
[PlyCount "18"]
[EventDate "2021.08.28"]
[EventType "tourn"]
[EventCountry "NET"]
[Tiebreak "Direct encounter+Number of wins+Koya"]
[SourceTitle "playchess.com"]
[Source "ChessBase"]
[SourceQuality "1"]

{[%evp 17,18,0,23]} 1. e4 c5 2. Nf3 d6 3. d4 cxd4 4. Nxd4 Nf6 5. Nc3 a6 {[#]}
6. Be3 $146 ({Predecessor:} 6. h3 Nc6 7. g4 g6 8. Be3 Nxd4 9. Qxd4 Bg7 10.
O-O-O Be6 11. f4 Qa5 12. f5 Bxa2 13. Bd2 O-O 14. Nd5 Nxd5 15. Bxa5 Bxd4 16.
Rxd4 {1-0 (40) Karjakin,S (2757)-Shankland,S (2709) Krasnaya Polyana 2021})
6... Ng4 7. Bc1 Nf6 8. Be3 Ng4 9. Bc1 $1 {[%mdl 4] 9.Bc1 is the recent fashion.
} Nf6 1/2-1/2

[Event "Aimchess US Rapid Prelims 2021"]
[Site "Chess24"]
[Date "2021.08.25"]
[Round "9.3"]
[White "Van Foreest, Jorden"]
[Black "Artemiev, Vladislav"]
[Result "0-1"]
[WhiteElo "2698"]
[BlackElo "2704"]
[Annotator "TA"]
[PlyCount "54"]
[EventDate "2021.08.28"]
[EventType "tourn"]
[EventCountry "NET"]
[Tiebreak "Direct encounter+Number of wins+Koya"]
[SourceTitle "playchess.com"]
[Source "ChessBase"]
[SourceQuality "1"]

{[%evp 28,54,-5,-10,-8,0,4,-11,-25,-150,-142,-120,-143,-147,-114,-376,-371,
-366,-360,-414,-421,-427,-401,-452,-437,-430,-415,-421,-407]} 1. e4 e5 2. Nf3
Nc6 3. Bb5 a6 4. Ba4 Nf6 5. O-O Be7 6. Re1 b5 7. Bb3 d6 8. c3 O-O 9. d4 Bg4 10.
Be3 exd4 11. cxd4 Na5 12. Nbd2 c5 13. Bc2 cxd4 14. Bxd4 Nc6 15. Be3 Rc8 {
C91: Closed Ruy Lopez: 7...d6 8 c3 0-0 9 d4.} 16. h3 Bh5 17. g4 Bg6 {[#] The
position is equal.} 18. Nd4 $146 {[#]} (18. Rc1 $11) ({Predecessor:} 18. Nh4 d5
19. Nf5 Bb4 20. Bg5 h6 21. Bf4 dxe4 22. Bxe4 Nxe4 23. Rxe4 Bxf5 24. gxf5 {
0-1 (68) Allahverdiyeva,A (2046)-Kovalev,V (2667) Moscow 2018}) 18... Nxd4 $1
$17 19. Bxd4 d5 20. Bb1 dxe4 {[%mdl 64] Overworked Piece} 21. Nxe4 $2 {[%mdl
8192]} (21. Bc3 $17) 21... Nxe4 $19 22. Bxe4 Rc4 23. Bxg6 Rxd4 24. Qe2 Bb4 ({
Not} 24... fxg6 25. Qxe7 Qd5 26. Rac1 $15) 25. Bc2 Bxe1 26. Rxe1 Rd2 27. Qe4 {
[%csl Gc2][%cal Re4h7] [#]} Qh4 {White got outplayed after the opening. 
Weighted Error Value: White=0.68/Black=0.04} 0-1

[Event "Aimchess US Rapid Prelims 2021"]
[Site "Chess24"]
[Date "2021.08.25"]
[Round "9.4"]
[White "Carlsen, Magnus"]
[Black "Mamedyarov, Shakhriyar"]
[Result "1/2-1/2"]
[WhiteElo "2847"]
[BlackElo "2782"]
[Annotator "TA"]
[PlyCount "142"]
[EventDate "2021.08.28"]
[EventType "tourn"]
[EventCountry "NET"]
[Tiebreak "Direct encounter+Number of wins+Koya"]
[SourceTitle "playchess.com"]
[Source "ChessBase"]
[SourceQuality "1"]

{[%evp 9,142,14,20,24,30,29,35,20,25,14,46,37,34,32,73,29,38,37,35,32,34,20,51,
41,39,33,33,33,33,31,31,20,35,40,49,48,76,90,78,50,81,85,87,41,135,135,169,143,
147,76,83,66,67,78,57,55,58,47,47,64,101,106,110,110,110,110,118,118,118,118,
118,120,120,120,120,120,120,120,120,83,120,104,127,127,127,127,127,127,127,127,
127,127,127,120,120,112,112,112,112,112,112,112,112,112,112,112,112,112,112,
112,112,20,20,0,0,-8,0,-8,-8,-8,-8,-8,0,0,14,14,14,14,14,14,14,14,14,-8,-8]} 1.
d4 d5 2. Nf3 Nf6 3. Bf4 Bf5 4. e3 e6 5. c4 Bb4+ 6. Nbd2 {D02: 1 d4 d5 2 Nf3
sidelines, including 2...Nf6 3 g3 and 2...Nf6 3 Bf4.} c5 7. cxd5 {[#]} Qxd5
$146 ({Predecessor:} 7... Nxd5 8. Bxb8 Rxb8 9. Bb5+ Ke7 10. a3 Qa5 11. Be2
Bxd2+ 12. Nxd2 cxd4 13. e4 Ne3 14. fxe3 dxe3 15. exf5 {0-1 (51) Erigaisi,A 
(2559)-Xiong,J (2709) chess.com INT 2020}) 8. a3 {White is slightly better.}
Bxd2+ 9. Qxd2 {next dxc5 is good for White.} Nc6 10. dxc5 Qxc5 11. b4 Qb6 12.
Be2 O-O 13. O-O Rfd8 14. Qb2 Bd3 15. Rac1 Rd5 16. Bxd3 Rxd3 17. Ne5 Nxe5 18.
Bxe5 Ne8 19. a4 Rd5 20. h3 $36 {[%mdl 2048] White has good play.} Qa6 21. e4
Rdd8 22. Qb3 b5 23. a5 Qb7 24. Rc5 Rac8 25. Rxc8 Rxc8 26. Qe3 Rc4 (26... Qd7
$14) 27. Rd1 $16 f6 28. Bd4 ({Worse is} 28. Rd8 Qe7 $17) 28... Qd7 {[#]} ({
Don't go for} 28... Rxb4 $2 29. Bxa7 Qc6 30. Qb6) 29. Qd2 (29. Rd3 $142 $1)
29... Nc7 30. Bxa7 Qxd2 31. Rxd2 {[%mdl 4096] Endgame KRB-KRN} Na6 32. Be3 {
And now Rd8+ would win.} Nxb4 33. Rd7 Rxe4 34. Rb7 h6 35. Rxb5 Nd5 36. a6 Ra4
37. a7 Nxe3 {KRN-KR} 38. Rb8+ Kf7 39. a8=Q Rxa8 40. Rxa8 {KR-KN} Nd5 41. Ra7+
Kg6 42. g3 h5 43. Kg2 f5 44. h4 Kf6 45. Kf3 e5 46. Ra6+ Kf7 47. Ke2 g6 48. Ra5
Ke6 49. Kd3 Nf6 50. Ra6+ Kf7 51. Ra7+ Kf8 52. f3 e4+ 53. Ke3 exf3 54. Kxf3 Nd5
55. Ke2 Ne7 56. Ke3 {Strongly threatening Kf4.} Nd5+ 57. Kd4 Nf6 58. Ke5 Ne4
59. Rd7 Kg8 60. g4 (60. Rc7 $16) 60... hxg4 $11 {The position is equal.} 61. h5
g3 {Hoping for ...g2.} 62. h6 Kh8 63. Rg7 g5 {Threatens to win with ...g2.} 64.
Ra7 ({Avoid the trap} 64. Kxf5 $2 {[#]} g2 $1 $19) 64... g2 65. Ra1 Kh7 66. Rg1
Kxh6 (66... Nd2 $5 {[%cal Rd2f3]} 67. Kxf5 Nf3 68. Rxg2 Nh4+ 69. Kxg5 Nxg2 $11)
67. Kxf5 Ng3+ 68. Kg4 Nh5 69. Rxg2 {aiming for Rh2!} Kg6 70. Kf3 Nf6 71. Rxg5+
Kxg5 {Weighted Error Value: White=0.09/Black=0.08} 1/2-1/2

[Event "Aimchess US Rapid Prelims 2021"]
[Site "Chess24"]
[Date "2021.08.25"]
[Round "9.5"]
[White "So, Wesley"]
[Black "Dominguez Perez, Leinier"]
[Result "1-0"]
[WhiteElo "2772"]
[BlackElo "2758"]
[Annotator "TA"]
[PlyCount "107"]
[EventDate "2021.08.28"]
[EventType "tourn"]
[EventCountry "NET"]
[Tiebreak "Direct encounter+Number of wins+Koya"]
[SourceTitle "playchess.com"]
[Source "ChessBase"]
[SourceQuality "1"]

{[%evp 12,107,8,6,4,6,8,8,8,8,0,5,7,7,7,5,6,0,13,15,18,25,22,0,98,93,93,95,88,
93,87,88,86,90,108,101,177,202,229,219,203,212,189,207,189,238,226,238,219,158,
175,150,257,264,262,255,247,247,293,278,302,270,270,270,260,274,252,212,289,
283,297,297,514,510,515,322,426,322,439,314,406,391,568,566,704,717,808,794,
1329,1272,1318,1305,1287,1281,1189,1158,1319,1280]} 1. c4 c5 2. g3 g6 3. Bg2
Bg7 4. Nc3 Nc6 5. Nf3 d6 6. O-O Bg4 7. h3 Bxf3 {A37: Symmetrical English vs ...
g6: 4 Bg2 Bg7 5 Nf3.} 8. Bxf3 e6 {now scores much better than the old 8...Qd7.}
9. d3 Nge7 {The position is equal.} 10. Bd2 O-O 11. a3 d5 12. cxd5 exd5 13. Rb1
Qd7 14. Bg2 Rad8 15. b4 {[%cal Bb2b4,Bb4b5][%mdl 32]} c4 {[#]} 16. b5 $5 $146 {
[%mdl 8] New and interesting.} ({Predecessor:} 16. Na4 cxd3 17. Nc5 dxe2 18.
Qxe2 Qc8 19. Bg5 Rfe8 20. Qd2 b6 21. Nb3 Qd7 22. Rbd1 {0-1 (37) Kocur,V (2133)
-Nabelek,M (2210) Czech Republic 2011}) 16... Nd4 17. Bg5 h6 (17... Ndf5 $11
18. Bxe7 Nxe7) 18. Bxe7 $16 {Black is now going downhill.} Qxe7 {[#]} 19. e3 $1
{[%cal Re3d4]} Nf3+ {[%mdl 64] Discovered Attack} 20. Bxf3 Bxc3 21. dxc4 dxc4
22. Qa4 Qc5 23. Rbc1 Rd3 (23... Be5 $16) 24. Be4 $18 (24. Bxb7 $6 Rfd8 $16)
24... Rxe3 25. fxe3 Qxe3+ 26. Kh2 Be5 27. Bf3 Qg5 28. Rg1 Bxg3+ 29. Kh1 Qh4 {
[%cal Rh4h3] [#]} 30. Bg2 Be5 {( -> ...Qg3)} 31. Qc2 {Strongly threatening Qe2.
} ({Don't blunder} 31. Rxc4 $2 Qg3 $19) 31... c3 (31... Rd8 $16) 32. Qe2 Qg3 {
[%csl Ge5][%cal Rg3h2]} 33. Bf1 Qf4 34. Re1 Bd6 35. Rg4 Qf6 36. Bg2 Rc8 {
intending ...c2.} 37. Rf1 Qe5 38. Qxe5 Bxe5 39. Be4 Rc5 40. a4 ({Not} 40. Bxb7
c2 $11) 40... Kg7 41. Bc2 ({Weaker is} 41. Bxb7 c2 $16) 41... h5 $2 (41... Rc7
42. Rd1 h5) 42. Rg5 b6 43. Rd1 Kh6 44. Rg2 Rc4 45. Rf2 f5 46. Re2 Rc5 (46...
Bd4 $142 47. Re6 Kg7) 47. Rd7 {White is clearly winning.} h4 48. Rxa7 Kg5 49.
Rb7 Kf4 50. Rxb6 Kf3 51. Bd1 {White threatens Rxe5+ and mate.} Kf4 52. Rxg6 Rd5
53. Bb3 Rd3 54. Kg2 {Weighted Error Value: White=0.15/Black=0.40} 1-0

[Event "Aimchess US Rapid Prelims 2021"]
[Site "Chess24"]
[Date "2021.08.25"]
[Round "9.7"]
[White "Le, Quang Liem"]
[Black "Hansen, Eric"]
[Result "1-0"]
[WhiteElo "2709"]
[BlackElo "2606"]
[Annotator "TA"]
[PlyCount "55"]
[EventDate "2021.08.28"]
[EventType "tourn"]
[EventCountry "NET"]
[Tiebreak "Direct encounter+Number of wins+Koya"]
[SourceTitle "playchess.com"]
[Source "ChessBase"]
[SourceQuality "1"]

{[%evp 11,55,40,25,10,27,11,15,10,18,9,43,38,33,34,48,44,42,49,53,64,66,41,52,
18,16,0,45,47,57,63,250,78,404,396,382,383,829,671,984,825,847,834,2352,2360,
1622,1383]} 1. Nf3 d5 2. d4 Nf6 3. c4 dxc4 4. e3 e6 5. Bxc4 c5 6. O-O a6 7. Be2
{7.e4 is the recent fashion. D27: Queen's Gambit Accepted: Classical main line:
7 e4!? and 7 a4.} cxd4 8. exd4 Be7 9. Ne5 {[#] The position is equal.} O-O $146
({Predecessor:} 9... Nbd7 10. Bf4 Nd5 11. Bg3 O-O 12. Nc3 N7f6 13. Bf3 Qa5 14.
Qb3 Qb4 15. Nxd5 Nxd5 16. Bxd5 exd5 17. Qxb4 Bxb4 {1-0 (47) Karrer,D (2194)
-Laske,E (2090) Austria 2010}) 10. Bf3 Nfd7 11. Nc3 Nxe5 12. dxe5 Nc6 13. Bxc6
bxc6 14. Qg4 Qc7 15. Re1 {aiming for Bh6!} Kh8 16. Bg5 f6 17. Bf4 $40 {[%mdl
128] Hoping for exf6. White attacks.} f5 18. Qh5 Bd7 19. Bg5 Bb4 20. Qh4 c5 {
[#]} (20... Rfb8 $14) 21. Rad1 $2 (21. Re3 $1 $18 {[%cal Re3h3] and the rest
is easy. Rh3 is the strong threat.} Be8 22. Ne2 (22. Rh3 Bg6 $16)) 21... Qb7 $2
{[%mdl 8192] [#]} (21... Kg8 $16 {is tougher.}) 22. Re3 $1 $18 {[%cal Re3h3]
Strongly threatening Rh3.} Be8 23. Ne2 (23. Rh3 Bg6 $18) 23... Bg6 $2 (23... c4
24. Rh3 (24. Qxc4 Bh5 $16) 24... h5) 24. Nf4 {White is clearly winning.} Qf7
25. Red3 Ra7 26. Rd8 c4 27. Nxg6+ {[%mdl 64] Discovered Attack} Qxg6 {[#]} 28.
Be7 $1 {[%cal Rd8f8][%mdl 512] Weighted Error Value: White=0.14/Black=0.62} 1-0